• 首页
  • 本馆介绍
  • 公告通知
  • 最新文献
  • 馆藏检索
  • 电子资源
  • 读者导购
  • 参考咨询
  • 我的图书馆
  • 登录
  • 详细信息显示
  • 放入我的书架
  • 预约/预借图书
  • 作者相关作品
  • 分类相关作品
  • 丛书相关作品
  • 出版社相关作品

书目信息

  • 表格格式
  • 工作单格式
  • 卡片格式
题名:
中国行政法学
    
 
作者: 林鸿潮 著
分册:  
出版信息: 北京   人民法院出版社  2006
页数: 241页
开本: 23cm
丛书名:
单 册:
中图分类: D922.101
科图分类:
主题词: 行政法学--中国--高等教育--教材 , 行政法学
电子资源:
ISBN: 7-80217-278-0
000 00825nam0 2200241 450
001 003183521
005 20070804110812.00
010    @a7-80217-278-0@dCNY25.00
100    @a20060104d2006 em y0chiy0110 ea
101 0  @achi
102    @aCN@b110000
105    @ay z 000yy
200 1  @a中国行政法学@9zhong guo xing zheng fa xue@f林鸿潮著
210    @a北京@c人民法院出版社@d2006
215    @a241页@d23cm
300    @a高等教育法学主干课程基础教材应试系列—司考入门之路(一)
330    @a本书共10章,包括狭义行政法、行政争议法、国家赔偿法三部分。编制体系以每节为一单元,分“旨要”、“原理”、“疑难”三部分顺次阐述。
606 0  @a行政法学@y中国@x高等教育@j教材
606 0  @a行政法学
690    @aD922.101@v4
701  0 @a林鸿潮@9lin hong chao@f(1979~)@4著
801  0 @aCN@bNLC@c20070804
905    @a10447@dD922.101@e793
    
    中国行政法学/林鸿潮著.-北京:人民法院出版社,2006
    241页;23cm
    高等教育法学主干课程基础教材应试系列—司考入门之路(一)
    
    ISBN 7-80217-278-0:CNY25.00
    本书共10章,包括狭义行政法、行政争议法、国家赔偿法三部分。编制体系以每节为一单元,分“旨要”、“原理”、“疑难”三部分顺次阐述。
●
相关链接 在E读中查询图书 在五车中查询图书 在当当中查询图书 在豆瓣中查询图书


正题名:中国行政法学     索取号:D922.101/793         预约/预借

序号 登录号 条形码 馆藏地/架位号 状态 备注
1 0803923   208039237   第一样本阅览室/ [索取号:D922.101/793] 在馆    
2 0803924   208039246   第一借阅区/ [索取号:D922.101/793] 在馆    
3 0803925   208039255   密集书库/ [索取号:D922.101/793] 在馆    
4 0803926   208039264   第一借阅区/ [索取号:D922.101/793] 在馆    
5 0803927   208039273   密集书库/ [索取号:D922.101/793] 在馆    
6 0803928   208039282   第一借阅区/ [索取号:D922.101/793] 在馆    
7 0803929   208039291   第一借阅区/ [索取号:D922.101/793] 在馆    
8 0803930   208039308   密集书库/ [索取号:D922.101/793] 在馆    
9 0803931   208039317   第一借阅区/ [索取号:D922.101/793] 在馆    
10 0803932   208039326   第一借阅区/ [索取号:D922.101/793] 在馆    
唐山师范学院图书馆 欢迎您!
大连网信软件有限公司© 版权所有